| 000 | 00945cam a2200301 4500 | ||
|---|---|---|---|
| 008 | 090401t1991 xxu||||| |||| 00| 0 eng d | ||
| 020 | _a0117525375 | ||
| 035 | _a(Sirsi) u55628 | ||
| 041 | _aeng | ||
| 050 | _a711.309421 | ||
| 110 |
_aUnited Kingdom _bDepartment of the Environment _9982 |
||
| 245 | _aRegional planning guidance: supplementary guidance for London on the protection of strategic views. | ||
| 260 |
_aLondon _bHMSO _c1991 |
||
| 300 | _a(8)p. : ill. ; 30cm. | ||
| 350 | _a1.85 | ||
| 490 |
_aRPG _v3 Annex A |
||
| 520 | _aConcerns the protection of strategic views across London of St Paul`s Cathedral and the Palace of Westminster. | ||
| 650 | _aLONDON | ||
| 650 | _aPALACE OF WESTMINSTER | ||
| 650 | _aREGIONAL PLANNING | ||
| 650 | _aRPG3 | ||
| 650 | _aST PAULS CATHEDRAL | ||
| 650 | _aSTRATEGIC VIEWS | ||
| 650 | _aWESTMINSTER | ||
| 690 | _aPLANNING LAW AND PRACTICE | ||
| 942 | _n0 | ||
| 948 | _c04/03/1997 | ||
| 999 |
_c93630 _d93630 |
||